[Event "vl-2324 MVP"]
[Site "MVP"]
[Date "2024.04.14"]
[Round "8.5"]
[White "Wurst, Maximilian"]
[Black "Schmidt, Arne"]
[Result "1-0"]
[WhiteElo "1723"]
[BlackElo "1774"]
[PlyCount "77"]
[EventDate "2023.??.??"]
[EventType "team-tourn"]
[EventRounds "9"]
[EventCountry "GER"]
[WhiteTeam "SSC Rostock"]
[BlackTeam "SF Schwerin II"]
[WhiteTeamCountry "GER"]
[BlackTeamCountry "GER"]

1. e4 e5 2. Bc4 Nf6 3. Nc3 Nxe4 4. Nxe4 d5 5. Bxd5 Qxd5 6. Qf3 c6 7. Nc3 Qd6 8. d3 Be7 9. Nge2 f5 10. O-O O-O 11. a3 f4 12. Ne4 Qg6 13. h3 h5 14. N2c3 c5 15. Nd5 Bd8 16. b3 Nc6 17. Bb2 b6 18. c4 Kh8 19. b4 Rb8 20. b5 Nd4 21. Bxd4 cxd4 22. Rac1 Bf5 23. a4 Bf6 24. Nexf6 gxf6 25. Ne7 Qh7 26. Nxf5 Qxf5 27. c5 bxc5 28. Rxc5 Rg8 29. Rc7 h4 30. Rxa7 Rg6 31. Rc1 Rbg8 32. Ra8 e4 (32... Rxg2+ 33. Qxg2) 33. Rxg8+ Rxg8 34. dxe4 Qe5 35. Qd3 Ra8 36. Rc4 Re8 37. Qxd4 Qg5 38. Rc6 Kg7 39. Qd7+ 1-0

[Event "vl-2324 MVP"]
[Site "MVP"]
[Date "2024.04.14"]
[Round "8.6"]
[White "Kupfernagel, Michael"]
[Black "Hochgraefe, Hans-Juergen"]
[Result "1-0"]
[WhiteElo "2030"]
[BlackElo "1941"]
[PlyCount "49"]
[EventDate "2023.??.??"]
[EventType "team-tourn"]
[EventRounds "9"]
[EventCountry "GER"]
[WhiteTeam "SF Schwerin II"]
[BlackTeam "SSC Rostock"]
[WhiteTeamCountry "GER"]
[BlackTeamCountry "GER"]

1. d4 Nf6 2. Nc3 d5 3. Bg5 e6 4. e4 dxe4 5. Nxe4 Be7 6. Bxf6 Bxf6 7. Nf3 O-O 8. Qd3 b6 9. Nxf6+ Qxf6 10. Qe4 c6 11. Bd3 g6 12. h4 Qg7 13. h5 f5 14. Qe3 c5 15. hxg6 hxg6 16. O-O-O Nc6 17. Bc4 Re8 18. dxc5 bxc5 19. c3 Rb8 20. Rd6 Qb7 21. b3 Na5 22. Rxe6 Bxe6 23. Bxe6+ Rxe6 24. Qxe6+ Kg7 25. Qe5+ 1-0

[Event "vl-2324 MVP"]
[Site "MVP"]
[Date "2024.04.14"]
[Round "8.8"]
[White "Krueger, Gerhard"]
[Black "Herde, Dittmar"]
[Result "1-0"]
[WhiteElo "1972"]
[BlackElo "1938"]
[PlyCount "67"]
[EventDate "2023.??.??"]
[EventType "team-tourn"]
[EventRounds "9"]
[EventCountry "GER"]
[WhiteTeam "SF Schwerin II"]
[BlackTeam "SSC Rostock"]
[WhiteTeamCountry "GER"]
[BlackTeamCountry "GER"]

1. e4 c5 2. Nf3 d6 3. c4 Nf6 4. Nc3 g6 5. d4 cxd4 6. Nxd4 Bg7 7. Be2 Nc6 8. Be3 a6 9. O-O O-O 10. f3 Nxd4 11. Bxd4 Bd7 12. Rc1 Bc6 13. Qb3 e6 14. Rfd1 Qe7 15. Na4 Rad8 16. Bb6 Rd7 17. Qa3 Ne8 18. Nc3 f5 19. Bd3 Qg5 20. b4 fxe4 21. Nxe4 Bxe4 22. Bxe4 Nf6 23. Be3 Qh4 24. Bf2 Qh6 25. Bc2 d5 26. Ba4 Rdf7 27. Bc5 Rd8 28. Qd3 Nd7 29. cxd5 Be5 30. dxe6 Qxh2+ 31. Kf1 Rxf3+ 32. gxf3 Qh3+ 33. Ke2 Rf8 34. Bf2 1-0

[Event "vl-2324 MVP"]
[Site "MVP"]
[Date "2024.04.14"]
[Round "8.1"]
[White "Stoevesand, Eric"]
[Black "Grossmann, Piet"]
[Result "1/2-1/2"]
[WhiteElo "1910"]
[BlackElo "1886"]
[PlyCount "113"]
[EventDate "2023.??.??"]
[EventType "team-tourn"]
[EventRounds "9"]
[EventCountry "GER"]
[WhiteTeam "SG Neubrandenburg"]
[BlackTeam "SAV Torgelow"]
[WhiteTeamCountry "GER"]
[BlackTeamCountry "GER"]

1. e4 e6 2. d4 d5 3. Nc3 Nf6 4. e5 Nfd7 5. f4 c5 6. Nf3 Nc6 7. Be3 cxd4 8. Nxd4 Bc5 9. Qd2 O-O 10. O-O-O a6 11. Qf2 Bxd4 12. Bxd4 b5 13. Be3 Qa5 14. Kb1 b4 15. Ne2 Qc7 16. Nd4 Nxd4 17. Bxd4 a5 18. Bb5 Ba6 19. Bxd7 Qxd7 20. g4 Rfc8 21. f5 a4 22. f6 b3 23. cxb3 axb3 24. a3 Qc6 25. Bc3 d4 26. Qxd4 Be2 27. Rc1 Rd8 28. Qf4 Qg2 29. Bb4 Rac8 30. Be7 Rxc1+ 31. Rxc1 Ra8 32. Ka1 Bd3 33. Rd1 Bc2 34. Qg5 Bg6 35. Qe3 Bc2 36. Qg5 Bg6 37. h4 Rc8 38. h5 Qc2 39. Rg1 Qf2 40. Rc1 Rxc1+ 41. Qxc1 Bc2 42. h6 Qh2 43. fxg7 Qxe5 44. Qd2 Qd5 45. Qxd5 exd5 46. Bf6 d4 47. Bxd4 f5 48. g5 f4 49. a4 f3 50. a5 Bd3 51. Be3 Kf7 52. Bf2 Kg8 53. Bd4 Kf7 54. g6+ Bxg6 55. a6 Be4 56. a7 Kg8 57. Bf2 1/2-1/2

[Event "vl-2324 MVP"]
[Site "MVP"]
[Date "2024.04.14"]
[Round "8.2"]
[White "Herrmann, Jakob"]
[Black "Stoevesand, Peter"]
[Result "0-1"]
[WhiteElo "1984"]
[BlackElo "1754"]
[PlyCount "126"]
[EventDate "2023.??.??"]
[EventType "team-tourn"]
[EventRounds "9"]
[EventCountry "GER"]
[WhiteTeam "SAV Torgelow"]
[BlackTeam "SG Neubrandenburg"]
[WhiteTeamCountry "GER"]
[BlackTeamCountry "GER"]

1. Nf3 c5 2. g3 Nc6 3. c4 g6 4. Nc3 Bg7 5. Bg2 e6 6. d3 Nge7 7. h4 b6 8. h5 d5 9. cxd5 exd5 10. h6 Bf6 11. O-O Bg4 12. Qa4 Qd7 13. Qf4 Qf5 14. e4 Qxf4 15. Bxf4 Bxc3 16. bxc3 dxe4 17. Ne5 Nxe5 18. Bxe5 O-O 19. dxe4 f6 20. Bd6 Kf7 21. f3 Be6 22. Rfd1 Rad8 23. Bf1 Rd7 24. Bb5 Rb7 25. Kf2 Ra8 26. Rd2 a6 27. Bf1 Rd7 28. Rad1 c4 29. Ke3 Ng8 30. Bf4 Rxd2 31. Rxd2 b5 32. Kd4 Rc8 33. a4 g5 34. Bd6 Nxh6 35. axb5 axb5 36. Ra2 Bd7 37. Ra7 Ke8 38. Kd5 Nf7 39. Bb4 Ne5 40. f4 gxf4 41. gxf4 Nc6 42. Ra2 Nxb4+ 43. cxb4 Bg4 44. e5 Bf3+ 45. Ke6 fxe5 46. fxe5 Ra8 47. Rh2 Ra6+ 48. Kf5 Ra1 49. Rf2 Bh5 50. Kf6 Ra6+ 51. e6 Bg4 52. Kg7 Bxe6 53. Kxh7 Ke7 54. Kg7 Ra3 55. Re2 Rg3+ 56. Kh6 Kf6 57. Rf2+ Bf5 58. Kh5 Rg7 59. Kh4 Ke5 60. Be2 Bd3 61. Bd1 Kd4 62. Rf3 Kc3 63. Be2 Rd7 0-1

[Event "vl-2324 MVP"]
[Site "MVP"]
[Date "2024.04.14"]
[Round "8.3"]
[White "Schulz, Daniel"]
[Black "Korbal, Arkadiusz"]
[Result "0-1"]
[WhiteElo "1817"]
[BlackElo "2073"]
[PlyCount "126"]
[EventDate "2023.??.??"]
[EventType "team-tourn"]
[EventRounds "9"]
[EventCountry "GER"]
[WhiteTeam "SG Neubrandenburg"]
[BlackTeam "SAV Torgelow"]
[WhiteTeamCountry "GER"]
[BlackTeamCountry "GER"]

1. e4 c5 2. Nf3 Nc6 3. c3 Nf6 4. e5 Nd5 5. d4 cxd4 6. cxd4 d6 7. Be2 g6 8. Nc3 Nxc3 9. bxc3 Bg7 10. exd6 Qxd6 11. O-O O-O 12. a4 Na5 13. Re1 Rd8 14. Bd3 Qc7 15. Ba3 Bf6 16. Rc1 Be6 17. Ne5 Bg5 18. Qe2 Bxc1 19. Rxc1 Rac8 20. Qe3 Nc6 21. Nf3 Bd5 22. Ng5 h6 23. Nh3 Kg7 24. Nf4 e5 25. Nh5+ gxh5 26. Qg3+ Kh8 27. Qe3 Rd6 28. c4 exd4 29. Qf4 Rg6 30. Qxc7 Rxg2+ 31. Kf1 Rxc7 32. cxd5 Rxh2 33. Ke2 Rc8 34. dxc6 Re8+ 35. Kf1 Rh1+ 36. Kg2 Rxc1 37. Bxc1 bxc6 38. Ba3 Re5 39. Bb4 Rg5+ 40. Kh2 Kg7 41. a5 Kf6 42. a6 Ke6 43. f4 Rg4 44. Bc5 Kd5 45. Bxa7 Rxf4 46. Bb8 Rf2+ 47. Kg3 Ra2 48. a7 Kc5 49. Be4 Kb6 50. Kh4 Ra5 51. Bd3 c5 52. Bc4 Rxa7 53. Bxa7+ Kxa7 54. Bxf7 Kb6 55. Bxh5 c4 56. Kg3 Kc5 57. Kf4 Kb4 58. Ke4 Kc3 59. Bf7 d3 60. Ke3 d2 61. Bh5 Kc2 62. Kd4 c3 63. Kc4 Kb2 0-1

[Event "vl-2324 MVP"]
[Site "MVP"]
[Date "2024.04.14"]
[Round "8.4"]
[White "Schmekel, Florian"]
[Black "Priladyshev, Alexander"]
[Result "1/2-1/2"]
[WhiteElo "2103"]
[BlackElo "2068"]
[PlyCount "55"]
[EventDate "2023.??.??"]
[EventType "team-tourn"]
[EventRounds "9"]
[EventCountry "GER"]
[WhiteTeam "SAV Torgelow"]
[BlackTeam "SG Neubrandenburg"]
[WhiteTeamCountry "GER"]
[BlackTeamCountry "GER"]

1. d4 f5 2. Nf3 Nf6 3. Bg5 Ne4 4. Bf4 d5 5. Nbd2 e6 6. e3 Be7 7. Be2 O-O 8. Nxe4 fxe4 9. Ne5 Nd7 10. O-O Bf6 11. Nxd7 Bxd7 12. f3 exf3 13. Bxf3 Bg5 14. Bxg5 Qxg5 15. Qe2 Rf6 16. e4 Raf8 17. exd5 exd5 18. Qe5 Rf5 19. Bxd5+ Kh8 20. Bc4 Bc6 21. Qg3 Qd2 22. Bd3 Rxf1+ 23. Rxf1 Rxf1+ 24. Kxf1 Qd1+ 25. Kf2 Qd2+ 26. Kf1 Qd1+ 27. Kf2 Qd2+ 28. Kf1 1/2-1/2

[Event "vl-2324 MVP"]
[Site "MVP"]
[Date "2024.04.14"]
[Round "8.5"]
[White "Kunow, Frank"]
[Black "Bauer, Norbert"]
[Result "1/2-1/2"]
[WhiteElo "1924"]
[BlackElo "2066"]
[PlyCount "90"]
[EventDate "2023.??.??"]
[EventType "team-tourn"]
[EventRounds "9"]
[EventCountry "GER"]
[WhiteTeam "SG Neubrandenburg"]
[BlackTeam "SAV Torgelow"]
[WhiteTeamCountry "GER"]
[BlackTeamCountry "GER"]

1. c4 c5 2. g3 Nf6 3. Bg2 g6 4. Nc3 Bg7 5. e4 Nc6 6. Nge2 O-O 7. O-O d6 8. h3 a6 9. d3 Rb8 10. f4 Nd7 11. g4 Nd4 12. Kh1 f5 13. gxf5 gxf5 14. Ng3 e6 15. exf5 Nxf5 16. Nxf5 Rxf5 17. Be4 Rf8 18. Rg1 Qh4 19. Qg4 Qxg4 20. hxg4 b5 21. cxb5 axb5 22. Bf3 Ne5 23. Be4 b4 24. Ne2 Ng6 25. Rb1 d5 26. Bg2 Nh4 27. Be3 Nxg2 28. Kxg2 d4 29. Bf2 Bb7+ 30. Kh3 Bd5 31. b3 Ra8 32. Rb2 Rf7 33. Bg3 Rfa7 34. Nc1 Ra6 35. Re1 e5 36. fxe5 Rh6+ 37. Bh4 Re8 38. Rbe2 Rhe6 39. Bf6 Rf8 40. Rf1 Bxf6 41. exf6 Rexf6 42. Rxf6 Rxf6 43. Re5 Rf1 44. Rxd5 Rxc1 45. Kh4 Rc2 1/2-1/2

[Event "vl-2324 MVP"]
[Site "MVP"]
[Date "2024.04.14"]
[Round "8.6"]
[White "Ehlers, Michael"]
[Black "Hoerhold, Martin"]
[Result "1-0"]
[WhiteElo "1942"]
[BlackElo "1852"]
[PlyCount "77"]
[EventDate "2023.??.??"]
[EventType "team-tourn"]
[EventRounds "9"]
[EventCountry "GER"]
[WhiteTeam "SAV Torgelow"]
[BlackTeam "SG Neubrandenburg"]
[WhiteTeamCountry "GER"]
[BlackTeamCountry "GER"]

1. e4 c5 2. Nf3 d6 3. d4 cxd4 4. Nxd4 Nf6 5. Nc3 e5 6. Nb3 a6 7. Rg1 Be7 8. g4 Be6 9. g5 Nfd7 10. Nd5 Bxd5 11. Qxd5 Nb6 12. Qxb7 N8d7 13. Be3 Qc8 14. Qxc8+ Rxc8 15. c3 Nc4 16. Bxc4 Rxc4 17. f3 O-O 18. O-O-O Rfc8 19. Rd5 f6 20. Ra5 R4c6 21. g6 hxg6 22. Rxg6 Kf7 23. Rg2 Bd8 24. Rd5 Bb6 25. Bxb6 Nxb6 26. Rd1 Nc4 27. Re2 g5 28. Nd2 Nb6 29. Nf1 a5 30. Ne3 a4 31. a3 Rh8 32. Nf5 Ke6 33. h4 gxh4 34. Rh2 h3 35. Rdh1 Nc4 36. Rxh3 Rxh3 37. Rxh3 Rc7 38. Rh8 Ra7 39. Rc8 1-0

[Event "vl-2324 MVP"]
[Site "MVP"]
[Date "2024.04.14"]
[Round "8.8"]
[White "Schmidt, Paul"]
[Black "Rehbein, Hans-Juergen"]
[Result "0-1"]
[WhiteElo "1856"]
[BlackElo "1807"]
[PlyCount "32"]
[EventDate "2023.??.??"]
[EventType "team-tourn"]
[EventRounds "9"]
[EventCountry "GER"]
[WhiteTeam "SAV Torgelow"]
[BlackTeam "SG Neubrandenburg"]
[WhiteTeamCountry "GER"]
[BlackTeamCountry "GER"]

1. e4 c5 2. Nf3 Nc6 3. d4 cxd4 4. Nxd4 g6 5. Be3 Bg7 6. Nc3 Nf6 7. f3 O-O 8. Bc4 Na5 9. Qe2 d6 10. O-O Qc7 11. Bd5 Bd7 12. Rfd1 Rac8 13. Rac1 a6 14. Kh1 Nc4 15. Bxc4 Qxc4 16. Bf4 e5 0-1

[Event "vl-2324 MVP"]
[Site "MVP"]
[Date "2024.04.28"]
[Round "9.1"]
[White "Stutz, Reno"]
[Black "Stoevesand, Eric"]
[Result "0-1"]
[WhiteElo "2039"]
[BlackElo "1910"]
[PlyCount "41"]
[EventDate "2023.??.??"]
[EventType "team-tourn"]
[EventRounds "9"]
[EventCountry "GER"]
[WhiteTeam "GW Wismar"]
[BlackTeam "SG Neubrandenburg"]
[WhiteTeamCountry "GER"]
[BlackTeamCountry "GER"]

1. d4 d5 2. Nf3 Nf6 3. e3 c5 4. b3 Nc6 5. Bd3 Bg4 6. O-O cxd4 7. h3 Bxf3 8. Qxf3 dxe3 9. fxe3 e5 10. Qg3 e4 11. Bb5 Qd6 12. Qf2 Qe5 13. c3 Bd6 14. g4 h5 15. Ba3 hxg4 16. Bxd6 Qxd6 17. hxg4 Rh3 18. Qf4 Qxf4 19. Rxf4 Rg3+ 20. Kf2 Rxg4 21. Rf5 0-1

[Event "vl-2324 MVP"]
[Site "MVP"]
[Date "2024.04.28"]
[Round "9.2"]
[White "Schulz, Daniel"]
[Black "Kliewe, Hans-Juergen"]
[Result "1/2-1/2"]
[WhiteElo "1817"]
[BlackElo "2126"]
[PlyCount "71"]
[EventDate "2023.??.??"]
[EventType "team-tourn"]
[EventRounds "9"]
[EventCountry "GER"]
[WhiteTeam "SG Neubrandenburg"]
[BlackTeam "GW Wismar"]
[WhiteTeamCountry "GER"]
[BlackTeamCountry "GER"]

1. e4 c6 2. d4 d5 3. exd5 cxd5 4. Bd3 Nf6 5. c3 Nc6 6. Bf4 Bg4 7. Qb3 Qc8 8. Nd2 e6 9. Ngf3 Bxf3 10. Nxf3 Be7 11. O-O O-O 12. Rac1 Nh5 13. Bd2 Qc7 14. c4 dxc4 15. Bxc4 Qb6 16. Qxb6 axb6 17. d5 exd5 18. Bxd5 Rfc8 19. Rfe1 Kf8 20. Be3 Nf6 21. Bb3 b5 22. Ng5 Na5 23. Rxc8+ Rxc8 24. Bd1 h6 25. Nf3 Bb4 26. Bd2 Bxd2 27. Nxd2 Rc1 28. Kf1 Ra1 29. Nb3 Rxa2 30. Nxa5 Rxa5 31. Re5 b6 32. b4 Ra1 33. Ke1 Rb1 34. Rxb5 Ne4 35. Rxb6 Nc3 36. Rd6 1/2-1/2

[Event "vl-2324 MVP"]
[Site "MVP"]
[Date "2024.04.28"]
[Round "9.4"]
[White "Kunow, Frank"]
[Black "Schinke, Andreas"]
[Result "0-1"]
[WhiteElo "1924"]
[BlackElo "2053"]
[PlyCount "89"]
[EventDate "2023.??.??"]
[EventType "team-tourn"]
[EventRounds "9"]
[EventCountry "GER"]
[WhiteTeam "SG Neubrandenburg"]
[BlackTeam "GW Wismar"]
[WhiteTeamCountry "GER"]
[BlackTeamCountry "GER"]

1. c4 Nf6 2. g3 g6 3. Bg2 Bg7 4. Nc3 O-O 5. e4 e5 6. Nge2 d6 7. h3 c5 8. O-O Nc6 9. d3 Be6 10. f4 Qd7 11. Kh2 Nh5 12. g4 Nxf4 13. Nxf4 exf4 14. Bxf4 Nd4 15. Qd2 a6 16. Bg3 Rab8 17. Rae1 Nc6 18. Ne2 b5 19. b3 Be5 20. Nf4 f6 21. Ne2 Kg7 22. g5 fxg5 23. Qxg5 h6 24. Qd2 b4 25. Rxf8 Rxf8 26. Rf1 Rxf1 27. Bxf1 Qf7 28. Bg2 Qf6 29. Nf4 Nd4 30. Qe3 Bf7 31. Nd5 Bxd5 32. cxd5 g5 33. Bxe5 Qxe5+ 34. Kg1 Qf4 35. Qf2 Kf6 36. h4 Qxf2+ 37. Kxf2 Nb5 38. hxg5+ hxg5 39. Ke3 Ke5 40. Bh3 a5 41. Bd7 Nc3 42. d4+ cxd4+ 43. Kd3 Nxd5 44. Kc4 Nf6 45. Be6 0-1

[Event "vl-2324 MVP"]
[Site "MVP"]
[Date "2024.04.28"]
[Round "9.5"]
[White "Lanz, Joerg"]
[Black "Hoerhold, Martin"]
[Result "1-0"]
[WhiteElo "2055"]
[BlackElo "1852"]
[PlyCount "129"]
[EventDate "2023.??.??"]
[EventType "team-tourn"]
[EventRounds "9"]
[EventCountry "GER"]
[WhiteTeam "GW Wismar"]
[BlackTeam "SG Neubrandenburg"]
[WhiteTeamCountry "GER"]
[BlackTeamCountry "GER"]

1. Nf3 Nf6 2. g3 d5 3. Bg2 c5 4. O-O Nc6 5. d3 e5 6. Nbd2 h6 7. e4 Bg4 8. h3 Be6 9. Re1 d4 10. Nxe5 Nxe5 11. f4 Nc6 12. f5 Bc8 13. Nc4 Nh7 14. a4 Be7 15. g4 Na5 16. e5 Nxc4 17. dxc4 Bg5 18. Qf3 Bxc1 19. Raxc1 O-O 20. Qd5 Qc7 21. Re2 Rd8 22. Qf3 Bd7 23. Qxb7 Qxb7 24. Bxb7 Rab8 25. Bd5 Re8 26. b3 Rb6 27. Rd1 Bc6 28. Kf2 Kf8 29. Kg3 Nf6 30. Bxc6 Rxc6 31. Rde1 Ng8 32. h4 Rcc8 33. g5 Ne7 34. Kf4 g6 35. f6 Nf5 36. gxh6 Nxh6 37. h5 Ng8 38. hxg6 fxg6 39. Rg1 Nxf6 40. Rxg6 Nh5+ 41. Ke4 Kf7 42. Rg5 Ng7 43. Rf2+ Kg8 44. Rfg2 Rc7 45. Rg6 Rce7 46. R2g5 Kh7 47. Rd6 Ne6 48. Rg1 Rg8 49. Rh1+ Kg7 50. Kd5 Rge8 51. Rf1 Nd8 52. Rg1+ Kf8 53. Rf6+ Rf7 54. Rgf1 Ree7 55. Rxf7+ Rxf7 56. Rxf7+ Kxf7 57. Kxc5 Ke6 58. Kxd4 Kd7 59. Kd5 Ne6 60. c5 Nc7+ 61. Kc4 a5 62. c3 Ke6 63. b4 Kxe5 64. b5 Ke6 65. b6 1-0

[Event "vl-2324 MVP"]
[Site "MVP"]
[Date "2024.04.28"]
[Round "9.1"]
[White "Grossmann, Piet"]
[Black "Kallweit, Paul"]
[Result "1/2-1/2"]
[WhiteElo "1886"]
[BlackElo "1948"]
[PlyCount "72"]
[EventDate "2023.??.??"]
[EventType "team-tourn"]
[EventRounds "9"]
[EventCountry "GER"]
[WhiteTeam "SAV Torgelow"]
[BlackTeam "SSC Rostock"]
[WhiteTeamCountry "GER"]
[BlackTeamCountry "GER"]

1. d4 d5 2. c4 e6 3. Nc3 c6 4. e4 dxe4 5. Nxe4 Bb4+ 6. Bd2 Qxd4 7. Bxb4 Qxe4+ 8. Ne2 Na6 9. Bf8 Ne7 10. Bxg7 Rg8 11. Qd4 Qxd4 12. Bxd4 b6 13. Ng3 c5 14. Bc3 Bb7 15. O-O-O Rd8 16. Rxd8+ Kxd8 17. f3 Nb8 18. Nh5 Nd7 19. Nf6 Nxf6 20. Bxf6 Rg6 21. Bxe7+ Kxe7 22. Kd2 e5 23. Ke3 Rf6 24. Bd3 h6 25. Rd1 Rd6 26. Rd2 Rd4 27. b3 Ke6 28. Be4 Bxe4 29. fxe4 f6 30. a4 a5 31. g4 Kf7 32. h3 Kg6 33. Rf2 Rd1 34. Ke2 Rd4 35. Ke3 Rd1 36. Ke2 Rd4 1/2-1/2

[Event "vl-2324 MVP"]
[Site "MVP"]
[Date "2024.04.28"]
[Round "9.2"]
[White "Mangold, Thomas"]
[Black "Herrmann, Jakob"]
[Result "0-1"]
[WhiteElo "2020"]
[BlackElo "1984"]
[PlyCount "104"]
[EventDate "2023.??.??"]
[EventType "team-tourn"]
[EventRounds "9"]
[EventCountry "GER"]
[WhiteTeam "SSC Rostock"]
[BlackTeam "SAV Torgelow"]
[WhiteTeamCountry "GER"]
[BlackTeamCountry "GER"]

1. e4 c6 2. d3 d5 3. Nd2 g6 4. Ngf3 Bg7 5. g3 e5 6. Bg2 Ne7 7. O-O O-O 8. Re1 Qc7 9. Qe2 d4 10. a4 a5 11. Nc4 b5 12. Na3 Ba6 13. Nd2 Nd7 14. c3 dxc3 15. bxc3 Nb6 16. axb5 cxb5 17. Nab1 Rfd8 18. Qe3 b4 19. Rxa5 Nc6 20. Rd5 Nxd5 21. exd5 bxc3 22. Nc4 Bxc4 23. dxc4 Ra1 24. dxc6 Rxb1 25. Qxc3 Bf8 26. Bd5 Bc5 27. Be3 Bb4 28. Rxb1 Bxc3 29. Bb6 Qe7 30. Bxd8 Qxd8 31. Rb7 Ba5 32. Rxf7 Qxd5 33. cxd5 Kxf7 34. Kg2 e4 35. d6 Ke6 36. c7 Kd7 37. Kf1 Bb4 38. Ke2 Bxd6 39. c8=Q+ Kxc8 40. Ke3 Kd7 41. Kxe4 Ke6 42. f4 h5 43. h3 Be7 44. g4 hxg4 45. hxg4 Kd6 46. Kd4 Bf6+ 47. Ke4 Bg7 48. Ke3 Kd5 49. Kd3 Bd4 50. g5 Bg7 51. Ke3 Ke6 52. Ke4 Bh8 0-1

[Event "vl-2324 MVP"]
[Site "MVP"]
[Date "2024.04.28"]
[Round "9.3"]
[White "Korbal, Arkadiusz"]
[Black "Schmidt, Peter"]
[Result "1/2-1/2"]
[WhiteElo "2073"]
[BlackElo "2029"]
[PlyCount "149"]
[EventDate "2023.??.??"]
[EventType "team-tourn"]
[EventRounds "9"]
[EventCountry "GER"]
[WhiteTeam "SAV Torgelow"]
[BlackTeam "SSC Rostock"]
[WhiteTeamCountry "GER"]
[BlackTeamCountry "GER"]

1. c4 g6 2. Nc3 Bg7 3. g3 d6 4. Bg2 e5 5. e3 Nc6 6. Nge2 Be6 7. Nd5 Qd7 8. Rb1 Nd8 9. d3 c6 10. Ndc3 Bh3 11. O-O h5 12. f3 Ne7 13. e4 Be6 14. h4 O-O 15. Bg5 f6 16. Be3 b5 17. cxb5 cxb5 18. d4 b4 19. d5 Bh3 20. Na4 Nf7 21. b3 g5 22. Rf2 Bxg2 23. Rxg2 Ng6 24. Qe1 Rab8 25. Nb2 Rb7 26. Nc4 g4 27. Qf2 Nh6 28. Bxh6 Bxh6 29. fxg4 hxg4 30. Rf1 Ne7 31. Ne3 Rc7 32. Kh2 f5 33. exf5 Bxe3 34. Qxe3 Nxd5 35. Qe4 Nf6 36. Qxb4 Rc2 37. Nc3 Rxg2+ 38. Kxg2 Qc6+ 39. Kg1 Rc8 40. Nd1 d5 41. Nf2 d4 42. Qd2 Kf7 43. Qh6 Qf3 44. Qg6+ Ke7 45. Qg7+ Ke8 46. Re1 Qxg3+ 47. Kf1 Rc2 48. Qg6+ Kd7 49. Qf7+ Kc8 50. Qf8+ Kc7 51. Re2 Rxe2 52. Qc5+ Kd8 53. Qa5+ Ke7 54. Qc5+ Kd8 55. Qa5+ Ke8 56. Qb5+ Nd7 57. Qxe2 Qxh4 58. Qe4 Qg3 59. Nxg4 d3 60. Nf2 d2 61. Qd5 Qe3 62. Kg2 e4 63. Nxe4 d1=Q 64. Nd6+ Ke7 65. Qxd1 Qg5+ 66. Kh3 Qh6+ 67. Kg4 Ne5+ 68. Kg3 Qxd6 69. Qxd6+ Kxd6 70. Kf4 Nd3+ 71. Ke4 Nc1 72. Kd4 Nxa2 73. Kc4 a6 74. f6 Ke6 75. Kc5 1/2-1/2

[Event "vl-2324 MVP"]
[Site "MVP"]
[Date "2024.04.28"]
[Round "9.4"]
[White "Hodl, Ingolf"]
[Black "Schmekel, Florian"]
[Result "0-1"]
[WhiteElo "1911"]
[BlackElo "2103"]
[PlyCount "94"]
[EventDate "2023.??.??"]
[EventType "team-tourn"]
[EventRounds "9"]
[EventCountry "GER"]
[WhiteTeam "SSC Rostock"]
[BlackTeam "SAV Torgelow"]
[WhiteTeamCountry "GER"]
[BlackTeamCountry "GER"]

{[%evp 0,36,24,17,53,64,44,19,19,19,75,63,49,43,74,43,22,5,4,0,2,33,24,13,18,17,14,14,14,15,19,21,12,22,21,17,16,11,13]} 1. e4 c5 2. Nf3 Nc6 3. d4 cxd4 4. Nxd4 g6 5. Nc3 Bg7 6. Be3 Nf6 7. Be2 O-O 8. O-O d5 9. exd5 Nxd5 10. Nxd5 Nxd4 11. Bxd4 Qxd5 12. Bxg7 Qxd1 13. Raxd1 Kxg7 14. Bf3 Rb8 15. Rd2 Bf5 16. Rfd1 Rfc8 17. c3 Rc7 18. a4 b6 19. Re1 Kf6 20. Be2 Rd7 21. Rxd7 Bxd7 22. Bd1 Bc6 23. Bc2 Rd8 24. Rd1 Rxd1+ 25. Bxd1 Ke5 26. f3 f5 27. Kf2 Kd6 28. f4 e5 29. fxe5+ Kxe5 30. g3 f4 31. gxf4+ Kxf4 32. b4 g5 33. c4 Bd7 34. a5 bxa5 35. bxa5 Ke4 36. Bc2+ Kd4 37. Bxh7 Kxc4 38. Kg3 Kb5 39. h4 gxh4+ 40. Kxh4 Kxa5 41. Kg3 Kb4 42. Kf2 Kc3 43. Ke1 Ba4 44. Bf5 a5 45. Be6 (45. Bg6 Bc2 46. Be8 $11) 45... Bc6 46. Kd1 Kb2 47. Kd2 a4 0-1

[Event "vl-2324 MVP"]
[Site "MVP"]
[Date "2024.04.28"]
[Round "9.5"]
[White "Zentgraf, Robert"]
[Black "Nour, Alaa"]
[Result "1-0"]
[WhiteElo "2170"]
[BlackElo "1815"]
[PlyCount "69"]
[EventDate "2023.??.??"]
[EventType "team-tourn"]
[EventRounds "9"]
[EventCountry "GER"]
[WhiteTeam "SAV Torgelow"]
[BlackTeam "SSC Rostock"]
[WhiteTeamCountry "GER"]
[BlackTeamCountry "GER"]

1. d4 d5 2. Nf3 Nf6 3. c4 e6 4. g3 b6 5. Ne5 Bb4+ 6. Nc3 O-O 7. Bg2 Bb7 8. O-O Nbd7 9. Bg5 h6 10. Nxd7 hxg5 11. Nxf8 Bxf8 12. Rc1 a6 13. Qd3 g6 14. e4 c6 15. cxd5 exd5 16. e5 Nh7 17. e6 f5 18. g4 Qf6 19. gxf5 gxf5 20. Rfe1 Bd6 21. Na4 Re8 22. Nxb6 Rxe6 23. Nd7 Qg6 24. Rxe6 Qxe6 25. Nc5 Bxc5 26. dxc5 Nf6 27. Qg3 g4 28. h3 f4 29. Qxf4 Bc8 30. Rc3 gxh3 31. Bxh3 Qe1+ 32. Kh2 Bxh3 33. Qxf6 Qe6 34. Rg3+ Bg4 35. Qxe6+ 1-0

[Event "vl-2324 MVP"]
[Site "MVP"]
[Date "2024.04.28"]
[Round "9.6"]
[White "Onasch, Gunnar"]
[Black "Bauer, Norbert"]
[Result "1/2-1/2"]
[WhiteElo "1927"]
[BlackElo "2066"]
[PlyCount "103"]
[EventDate "2023.??.??"]
[EventType "team-tourn"]
[EventRounds "9"]
[EventCountry "GER"]
[WhiteTeam "SSC Rostock"]
[BlackTeam "SAV Torgelow"]
[WhiteTeamCountry "GER"]
[BlackTeamCountry "GER"]

1. d4 Nf6 2. c4 e6 3. Nc3 Bb4 4. e3 b6 5. Bd2 Bb7 6. Nf3 O-O 7. Bd3 d6 8. O-O Nbd7 9. Qc2 c5 10. a3 Bxc3 11. Bxc3 cxd4 12. exd4 Rc8 13. Bb4 Qc7 14. Rac1 Rfe8 15. Rfe1 a5 16. Bd2 d5 17. Ne5 dxc4 18. Qxc4 Qd6 19. Qb5 Qxd4 20. Nxd7 Nxd7 21. Bxa5 Rxc1 22. Rxc1 bxa5 23. Rc7 Qd5 24. Rxb7 Nf6 25. Qxd5 exd5 26. f3 Ra8 27. Kf2 d4 28. Bc4 Rc8 29. Bxf7+ Kf8 30. Bb3 Rc1 31. Ke2 Rg1 32. Kf2 Rb1 33. Bc4 Rc1 34. b3 a4 35. g4 Rc2+ 36. Ke1 Rc3 37. Ke2 Re3+ 38. Kf2 Rc3 39. Rf7+ Ke8 40. Rb7 Rc2+ 41. Ke1 axb3 42. Bxb3 Rxh2 43. Rxg7 Kd8 44. Be6 d3 45. Kd1 Rf2 46. g5 Nh5 47. Rxh7 Nf4 48. Rf7 Nxe6 49. g6 Rg2 50. Rf6 Ke7 51. Rf7+ Kd6 52. f4 1/2-1/2

[Event "vl-2324 MVP"]
[Site "MVP"]
[Date "2024.04.28"]
[Round "9.7"]
[White "Ehlers, Michael"]
[Black "Wurst, Maximilian"]
[Result "1-0"]
[WhiteElo "1942"]
[BlackElo "1723"]
[PlyCount "43"]
[EventDate "2023.??.??"]
[EventType "team-tourn"]
[EventRounds "9"]
[EventCountry "GER"]
[WhiteTeam "SAV Torgelow"]
[BlackTeam "SSC Rostock"]
[WhiteTeamCountry "GER"]
[BlackTeamCountry "GER"]

1. e4 e5 2. Nf3 Nc6 3. Bc4 Bc5 4. O-O d6 5. h3 Nf6 6. d3 h6 7. Be3 Bb6 8. c3 O-O 9. Bb3 Be6 10. Nbd2 Qe7 11. Nh2 d5 12. Bxb6 axb6 13. Qe2 dxe4 14. Nxe4 Nxe4 15. dxe4 Bxb3 16. axb3 Qe6 17. Qc2 Rfd8 18. Ng4 Rxa1 19. Rxa1 Qd6 20. b4 Ne7 21. Ne3 b5 22. Rd1 1-0